Statistics for Countries In Kurdistan

Click here to take the quiz!

General Stats

  • This quiz has been taken 180 times
  • The average score is 5 of 5

Answer Stats

Answer% Correct
Iran
99%
Syria
99%
Iraq
98%
Turkey
97%
Armenia
81%

Score Distribution

Percentile by Number Answered

Percent of People with Each Score

Your Score History

You have not taken this quiz